Statistiche per Dove giocava nel 2010-2011? - Quiz n°37

Clicka qui per fare il quiz!

Statistiche generali

  • Questo quiz è stato fatto 9 volte
  • Il punteggio medio è 7 su 10

Statistiche sulle risposte

HintRisposta% Corretto
Mattia PerinGenoa
100%
Leonardo BonucciJuventus
100%
David SilvaManchester City
100%
Ashley YoungAston Villa
89%
Antoine GriezmannReal Sociedad
78%
Thibaut CourtoisGenk
67%
WillianShakhtar Donetsk
67%
Adam LallanaSouthampton
56%
Axel WitselStandard Liegi
44%
Nemanja MatićVitesse
44%

Distribuzione punteggi

Percentile per numero di risposta

Percentuale di utenti per punteggio

I tuoi punteggi nel tempo

Non hai fatto questo quiz